| 000 | 00875nam a2200301Ia 4500 | ||
|---|---|---|---|
| 001 | A9458 | ||
| 003 | IT-RoPAU | ||
| 008 | 130308s9999 xx 000 0 und d | ||
| 040 | _aIT-RoPAU | ||
| 040 | _cIT-RoPAU | ||
| 041 | _aFRANCESE | ||
| 100 | _aBuakasa Tulu Kia Mpasu | ||
| 100 | _gCodice Aut. SPICS: 36760 | ||
| 245 | _aFetiche dans la mediation africaine (Le) | ||
| 245 | _bMediations Africaines Du Sacre'-Celebrations Creatrices et Langage Religieux | ||
| 250 | _a1a ed. | ||
| 260 | _aKINSHASA | ||
| 260 | _bCentre D'Etudes Des R.A. | ||
| 260 | _c1987 [1° Ed.:1987 - Ed.Ling.Originale:1986] | ||
| 300 | _a"6 p. (prefazione: no ; testo: 6 [pagine: 235-240])" | ||
| 500 | _aAmuleto nella Mediazione Africana. | ||
| 650 | _aPASTORALE E CULTURE | ||
| 650 | _eCodice materia Spics: 9302 | ||
| 942 | _cBK | ||
| 957 | _71 | ||
| 999 |
_c64261 _d64261 |
||
| 999 | _bSI | ||
| 999 | _g1 | ||